000
00321nam a2200109Ia 4500
008
200302s9999 xx 000 0 und d
100
_a
Matt Rota
245
_a
Pencil art workshop/Techniques,ideas and inspiration for drawing and designing with pencil
260
_b
Rockport Publishers Inc.
260
_c
2017
300
_a
143
999
_c
7296
_d
7296